| 000 | 01838cam a22004455a 4500 | ||
|---|---|---|---|
| 999 |
_c25673 _d25645 |
||
| 003 | EG-ScBUE | ||
| 005 | 20210607094350.0 | ||
| 008 | 070718t2006 gw a f b 001 0 eng d | ||
| 020 | _a9783527315321 | ||
| 020 | _a3527315322 | ||
| 035 | _a(OCoLC)ocm65768362 | ||
| 040 |
_aUKM _beng _erda _cUKM _dBAKER _dOHX _dYDXCP _dHKP _dIXA _dDLC _dEG-ScBUE |
||
| 041 | 1 |
_aeng _hger |
|
| 082 | 0 | 4 |
_a667.9 _bMOD _222 |
| 130 | 0 |
_aModerne Beschichtungsverfahren. _lEnglish. |
|
| 245 | 0 | 0 |
_aModern surface technology / _cedited by Friedrich-Wilhelm Bach, Andreas Laarmann and Thomas Wenz ; translated from German by C. Benjamin Nakhosteen. |
| 264 | 1 |
_aWeinheim, Germany : _bWiley-VCH Verlag GmbH & Co., _c[2006] |
|
| 264 | 4 | _cc2006 | |
| 300 |
_axx, 325 pages : _billustrations ; _c25 cm |
||
| 336 |
_2rdacontent _atext _btxt |
||
| 337 |
_2rdamedia _aunmediated _bn |
||
| 338 |
_2rdacarrier _avolume _bnc |
||
| 504 | _aIncludes bibliographical references and index. | ||
| 546 | _aText in English ; Translated from the German. | ||
| 650 | 7 |
_aCoatings. _2BUEsh |
|
| 650 | 7 |
_aCoating processes. _2BUEsh |
|
| 651 | _2BUEsh | ||
| 653 |
_cNovember2017 _bGGEN |
||
| 655 |
_vReading book _934232 |
||
| 700 | 1 |
_aBach, Friedrich-Wilhelm, _eeditor. _936290 |
|
| 700 | 1 |
_aLaarmann, Andreas, _eeditor. |
|
| 700 | 1 |
_aWenz, Thomas, _eeditor. |
|
| 700 | 1 |
_aNakhosteen, C. Benjamin, _etranslator. |
|
| 856 | 4 | 2 |
_3Contributor biographical information _uhttp://www.loc.gov/catdir/enhancements/fy0739/2007451281-b.html |
| 856 | 4 | 2 |
_3Publisher description _uhttp://www.loc.gov/catdir/enhancements/fy0739/2007451281-d.html |
| 856 | 4 | 1 |
_3Table of contents only _uhttp://www.loc.gov/catdir/enhancements/fy0739/2007451281-t.html |
| 906 |
_a7 _bcbc _ccopycat _d3 _encip _f20 _gy-gencatlg |
||
| 942 |
_2ddc _cBB |
||